000 00517nam a2200169Ia 4500
001 54587
008 120326n ii |||gr||||Z||||||465
082 _a070
245 0 _aLalit Kala Ratna : Dr. Sobha Brahma
_cPadma Pator, Chief Editor
_hTextual Documents
250 _aIst ed.
260 _aGuwahati:
_bDr. Sobha Brahma Adya Shraddha Parichalana Samittee,
_c2012.
300 _a90pg:
_c23cm.
653 _aBiography- Dr. Sobha Brahma
653 _aReference section
700 _aPator.,
_ePadma .
942 _2ddc
_cBK
999 _c54542
_d54542